[Event "NED-chT 2122"]
[Site "Netherlands"]
[Date "2022.02.05"]
[Round "6.4"]
[White "Roggeveen, Pieter"]
[Black "Lenaerts, Lennert"]
[Result "0-1"]
[WhiteElo "2229"]
[BlackElo "2354"]
[PlyCount "62"]
[EventDate "2021.09.18"]
[EventType "team-tourn"]
[EventRounds "9"]
[EventCountry "NED"]
[SourceTitle "EXT 2023"]
[Source "ChessBase"]
[SourceDate "2022.10.05"]
[SourceVersion "1"]
[SourceVersionDate "2022.10.05"]
[SourceQuality "1"]
[WhiteTeam "Kennemer Combinatie"]
[BlackTeam "Zuid Limburg"]
[WhiteTeamCountry "NED"]
[BlackTeamCountry "NED"]

1. b3 d5 2. Bb2 Nf6 3. e3 e6 4. Nf3 Be7 5. d4 a6 6. c4 b6 7. Nc3 Bb7 8. Bd3 Nbd7 9. 0-0 0-0 10. cxd5 exd5 11. Ne5 Bd6 12. f4 Ne4 13. Qc2 Ndf6 14. Rac1 Nxc3 15. Qxc3 Qe7 16. Rfd1 c5 17. dxc5 bxc5 18. Bf5 Rad8 19. Ng4 d4 20. exd4 Nxg4 21. Bxg4 Bxf4 22. dxc5 Qg5 23. h3 Bxc1 24. Rxc1 h5 25. Bf3 Bxf3 26. Qxf3 Rd2 27. Ba3 Rxa2 28. b4 Re8 29. Rf1 Ree2 30. g4 hxg4 31. Qxf7+ Kh7 0-1

[Event "NED-chT 1920"]
[Site "Netherlands"]
[Date "2020.03.07"]
[Round "6.9"]
[White "Roggeveen, Pieter"]
[Black "Roobol, Martin"]
[Result "0-1"]
[WhiteElo "2246"]
[BlackElo "2280"]
[PlyCount "64"]
[EventDate "2019.09.28"]
[EventType "team-tourn"]
[EventRounds "9"]
[EventCountry "NED"]
[SourceTitle "CBM 195 Extra"]
[Source "ChessBase"]
[SourceDate "2020.05.31"]
[SourceVersion "1"]
[SourceVersionDate "2020.05.31"]
[SourceQuality "1"]
[WhiteTeam "Kennemer Combinatie"]
[BlackTeam "Leiden LSG"]
[WhiteTeamCountry "NED"]
[BlackTeamCountry "NED"]

1. c4 g6 2. g3 Bg7 3. Bg2 Nf6 4. Nc3 0-0 5. e4 c5 6. Nge2 Nc6 7. 0-0 b6 8. f4 Bb7 9. d3 d6 10. h3 Nd7 11. Rb1 Nd4 12. b4 cxb4 13. Rxb4 f5 14. exf5 Nxe2+ 15. Nxe2 Bxg2 16. Kxg2 gxf5 17. Bb2 Bxb2 18. Rxb2 e6 19. Nc3 Qf6 20. Rc2 Kh8 21. Qf3 Rad8 22. Qe3 Rg8 23. Kh2 Rg6 24. Nb5 Nc5 25. Nxa7 Rdg8 26. Rg1 e5 27. Rf2 exf4 28. Rxf4 Ne6 29. Rf3 f4 30. Qf2 Rxg3 31. Rf1 Qg7 32. Kh1 Qxa7 0-1

[Event "Maastricht Limburg op-A 8th"]
[Site "Maastricht"]
[Date "2014.06.09"]
[Round "7"]
[White "Roggeveen, Pieter"]
[Black "Braun, Christian1111"]
[Result "1/2-1/2"]
[WhiteElo "2211"]
[BlackElo "2358"]
[PlyCount "119"]
[EventDate "2014.06.06"]
[EventType "swiss"]
[EventRounds "7"]
[EventCountry "NED"]
[SourceTitle "CBM 160 Extra"]
[Source "ChessBase"]
[SourceDate "2014.07.01"]
[SourceVersion "1"]
[SourceVersionDate "2014.07.01"]
[SourceQuality "1"]

1. c4 g6 2. g3 Nf6 3. Bg2 d5 4. cxd5 Nxd5 5. Nc3 Nb6 6. d3 Bg7 7. Be3 Nc6 8. Nf3 e5 9. Qd2 Nd4 10. Rc1 0-0 11. Bh6 Re8 12. Bxg7 Kxg7 13. Ng5 c6 14. 0-0 Ne6 15. Nxe6+ Bxe6 16. Ne4 Bd5 17. a3 a5 18. h4 h6 19. Rfd1 a4 20. Qb4 Bxe4 21. Bxe4 Qd4 22. Qd2 Red8 23. Bf3 Rd7 24. Rc2 Re7 25. Rdc1 Rf8 26. Qa5 Ra8 27. Qd2 f5 28. Bg2 Rf8 29. Qb4 Rff7 30. b3 Qxb4 31. axb4 axb3 32. Rb2 Na8 33. b5 cxb5 34. Rxb3 Nc7 35. Bxb7 Ne6 36. Bd5 Nd4 37. Rb2 Rc7 38. Rxc7 Rxc7 39. e3 Rc5 40. exd4 Rxd5 41. dxe5 Rxe5 42. d4 Rd5 43. f4 g5 44. fxg5 hxg5 45. hxg5 Kg6 46. Kf2 Kxg5 47. Kf3 Kf6 48. Ke3 Ke6 49. Kd3 Kd7 50. Kc3 Kc6 51. Rf2 Kb6 52. Rf1 Kc6 53. Rf2 Kd7 54. Rb2 Ke6 55. Kd3 Kf6 56. Ke3 Kg6 57. Kf3 Kg5 58. Rb1 Rxd4 59. Rxb5 Rd3+ 60. Kf2 1/2-1/2

[Event "Maastricht Limburg op-A 8th"]
[Site "Maastricht"]
[Date "2014.06.08"]
[Round "5"]
[White "Roggeveen, Pieter"]
[Black "Sekandar, Kambiz"]
[Result "1-0"]
[WhiteElo "2211"]
[BlackElo "2100"]
[PlyCount "116"]
[EventDate "2014.06.06"]
[EventType "swiss"]
[EventRounds "7"]
[EventCountry "NED"]
[SourceTitle "CBM 160 Extra"]
[Source "ChessBase"]
[SourceDate "2014.07.01"]
[SourceVersion "1"]
[SourceVersionDate "2014.07.01"]
[SourceQuality "1"]

1. c4 Nf6 2. Nc3 e5 3. Nf3 Nc6 4. e3 d6 5. d4 Bg4 6. d5 Ne7 7. h3 Bxf3 8. Qxf3 Nd7 9. e4 g6 10. h4 h5 11. g3 Bg7 12. Bh3 0-0 13. Bg5 f6 14. Be3 f5 15. 0-0-0 a6 16. exf5 Nxf5 17. Bxf5 Rxf5 18. Qe2 Nf8 19. Kb1 Qd7 20. Ne4 Rf7 21. Rhf1 Qf5 22. f3 Nd7 23. Ka1 Raf8 24. Ng5 Rf6 25. Ne4 R6f7 26. Ng5 Rf6 27. Ne6 e4 28. Bf4 exf3 29. Rxf3 Re8 30. Re3 Rc8 31. a3 Nc5 32. Nxg7 Kxg7 33. Re7+ Rf7 34. Rxf7+ Qxf7 35. Rf1 Qe8 36. Qf2 Kg8 37. Bh6 Nd7 38. Qf4 Ne5 39. Bg5 Qf7 40. Qc1 Qd7 41. Bf6 Re8 42. Qh6 Qh7 43. Qxh7+ Kxh7 44. Bxe5 dxe5 45. Kb1 Kg7 46. Kc2 a5 47. Kd3 b6 48. b3 Re7 49. Ke4 Re8 50. Rf3 Re7 51. b4 axb4 52. axb4 Re8 53. c5 bxc5 54. bxc5 Re7 55. d6 cxd6 56. cxd6 Re8 57. Rf1 Kg8 58. Kd3 e4+ 1-0

[Event "Brasschaat op 13th"]
[Site "Brasschaat"]
[Date "2013.08.19"]
[Round "3"]
[White "Snoeks, Pieter Jan"]
[Black "Roggeveen, Pieter"]
[Result "0-1"]
[WhiteElo "1822"]
[BlackElo "2200"]
[PlyCount "40"]
[EventDate "2013.08.17"]
[EventType "swiss"]
[EventRounds "9"]
[EventCountry "BEL"]
[SourceTitle "CBM 156 Extra"]
[Source "ChessBase"]
[SourceDate "2013.10.22"]
[SourceVersion "1"]
[SourceVersionDate "2013.10.22"]
[SourceQuality "1"]

1. d4 Nf6 2. c4 e6 3. Nf3 b6 4. e3 Bb7 5. Bd3 d5 6. 0-0 Bd6 7. b3 0-0 8. Bb2 c5 9. Nbd2 Nc6 10. Rc1 cxd4 11. Nxd4 Rc8 12. cxd5 Nxd4 13. Rxc8 Bxc8 14. Bxd4 exd5 15. Qf3 Bg4 16. Bxf6 Qd7 17. Bb5 Qe6 18. Be7 Bxf3 19. Bxf8 Bxg2 20. Rc1 Bxf8 0-1

[Event "Brasschaat op 13th"]
[Site "Brasschaat"]
[Date "2013.08.18"]
[Round "2"]
[White "Roggeveen, Pieter"]
[Black "Viaene, Jan"]
[Result "1/2-1/2"]
[WhiteElo "2200"]
[BlackElo "1806"]
[PlyCount "49"]
[EventDate "2013.08.17"]
[EventType "swiss"]
[EventRounds "9"]
[EventCountry "BEL"]
[SourceTitle "CBM 156 Extra"]
[Source "ChessBase"]
[SourceDate "2013.10.22"]
[SourceVersion "1"]
[SourceVersionDate "2013.10.22"]
[SourceQuality "1"]

1. Nf3 c5 2. c4 Nf6 3. g3 e6 4. Bg2 d5 5. cxd5 exd5 6. d4 Be6 7. Nc3 Be7 8. 0-0 0-0 9. b3 Nc6 10. Bb2 Rc8 11. Rc1 b6 12. e3 Qc7 13. Qe2 Qb8 14. Rfd1 Rfd8 15. Ne5 cxd4 16. Nxc6 Rxc6 17. exd4 Kf8 18. Qd2 Bb4 19. Qd3 Rdc8 20. Ne2 Rxc1 21. Bxc1 Qc7 22. Qb5 Bd6 23. Bf4 Bxf4 24. Nxf4 Qc2 25. Qb4+ 1/2-1/2

[Event "NED-chT 1213"]
[Site "Netherlands"]
[Date "2013.02.16"]
[Round "6.7"]
[White "Roggeveen, Pieter"]
[Black "Ondersteijn, Niels"]
[Result "0-1"]
[WhiteElo "2207"]
[BlackElo "2322"]
[PlyCount "56"]
[EventDate "2012.09.15"]
[EventType "team-tourn"]
[EventRounds "9"]
[EventCountry "NED"]
[SourceTitle "EXT 2014"]
[Source "ChessBase"]
[SourceDate "2013.11.20"]
[SourceVersion "1"]
[SourceVersionDate "2013.11.20"]
[SourceQuality "1"]
[WhiteTeam "Kennemer Combinatie"]
[BlackTeam "Calder HMC"]
[WhiteTeamCountry "NED"]
[BlackTeamCountry "NED"]

1. d4 Nf6 2. c4 g6 3. Nc3 d5 4. Nf3 Bg7 5. Bg5 Ne4 6. cxd5 Nxg5 7. Nxg5 e6 8. Qd2 exd5 9. Qe3+ Kf8 10. 0-0-0 Bf6 11. f4 Kg7 12. h4 h5 13. Qf2 Nc6 14. g3 Bg4 15. Bg2 Ne7 16. Rd2 c6 17. e4 dxe4 18. Ngxe4 Nd5 19. Nxd5 cxd5 20. Nxf6 Qxf6 21. Re1 Bf5 22. Bxd5 Rac8+ 23. Kd1 Qa6 24. b3 Rc3 25. Bc4 Bg4+ 26. Ree2 Qa3 27. Ke1 Rc1+ 28. Rd1 Qb4+ 0-1

[Event "NED-chT 1213"]
[Site "Netherlands"]
[Date "2012.09.15"]
[Round "1.9"]
[White "Goossens, Etienne"]
[Black "Roggeveen, Pieter"]
[Result "0-1"]
[WhiteElo "2187"]
[BlackElo "2207"]
[PlyCount "65"]
[EventDate "2012.09.15"]
[EventType "team-tourn"]
[EventRounds "9"]
[EventCountry "NED"]
[SourceTitle "CBM 150 Extra"]
[Source "ChessBase"]
[SourceDate "2012.10.19"]
[SourceVersion "1"]
[SourceVersionDate "2012.10.19"]
[SourceQuality "1"]
[WhiteTeam "Rotterdam"]
[BlackTeam "Kennemer Combinatie"]
[WhiteTeamCountry "NED"]
[BlackTeamCountry "NED"]

1. d4 d5 2. c4 e6 3. cxd5 exd5 4. Nc3 c6 5. Qc2 g6 6. e3 Bf5 7. Bd3 Bxd3 8. Qxd3 Nf6 9. Nge2 Bg7 10. 0-0 0-0 11. Bd2 Na6 12. Rfc1 Rc8 13. Na4 Ne4 14. Rc2 Qe7 15. Rac1 f5 16. Nf4 Rcd8 17. Ba5 Rde8 18. a3 Bh6 19. f3 Nd6 20. Nc5 Qxe3+ 21. Qxe3 Rxe3 22. Nxa6 Bxf4 23. g3 Bh6 24. Bb4 Rd8 25. Nc7 b6 26. Na6 Rxf3 27. Re1 Ne4 28. Rxc6 Be3+ 29. Kg2 Rf2+ 30. Kh1 Bxd4 31. Nc7 Rxb2 32. Ne6 Re8 33. Nxd4 0-1

[Event "Haarlem Nova College op"]
[Site "Haarlem"]
[Date "2011.07.02"]
[Round "4"]
[White "Roggeveen, Pieter"]
[Black "Van den Doel, Erik"]
[Result "0-1"]
[WhiteElo "2200"]
[BlackElo "2574"]
[PlyCount "92"]
[EventDate "2011.07.01"]
[EventType "swiss"]
[EventRounds "6"]
[EventCountry "NED"]
[SourceTitle "CBM 143 Extra"]
[Source "ChessBase"]
[SourceDate "2011.08.29"]
[SourceVersion "1"]
[SourceVersionDate "2011.08.29"]
[SourceQuality "1"]

1. d4 Nf6 2. c4 e6 3. Nc3 Bb4 4. Qc2 Nc6 5. Nf3 d6 6. Bg5 h6 7. Bd2 e5 8. d5 Bxc3 9. Bxc3 Ne7 10. e4 0-0 11. Be2 Ne8 12. 0-0-0 f5 13. Nd2 fxe4 14. Nxe4 Bf5 15. Bd3 Qd7 16. f3 Nf6 17. Rhf1 Bxe4 18. Bxe4 Nxe4 19. fxe4 Qg4 20. g3 Qh3 21. Qe2 b6 22. Bd2 Kh8 23. Rf3 Ng8 24. Rdf1 Rxf3 25. Rxf3 Nf6 26. Rf5 Qg4 27. Qxg4 Nxg4 28. Rf7 Rc8 29. h3 Kg8 30. Rf3 Nf6 31. Bxh6 Nxe4 32. Be3 c6 33. dxc6 Rxc6 34. b3 d5 35. Rf5 dxc4 36. bxc4 Nd6 37. Rg5 Nxc4 38. Bd2 Kf7 39. h4 Rd6 40. Bc3 Kf6 41. Kc2 b5 42. g4 g6 43. Kb3 Rd3 44. a4 Nd6 45. Kc2 Rxc3+ 46. Kxc3 Ne4+ 0-1

[Event "Maastricht Limburg op"]
[Site "Maastricht"]
[Date "2008.05.12"]
[Round "7"]
[White "Sprangers, Remco"]
[Black "Roggeveen, Pieter"]
[Result "1/2-1/2"]
[WhiteElo "2211"]
[BlackElo "2099"]
[PlyCount "112"]
[EventDate "2008.05.09"]
[EventType "swiss"]
[EventRounds "7"]
[EventCountry "NED"]
[SourceTitle "EXT 2009"]
[Source "ChessBase"]
[SourceDate "2008.11.26"]
[SourceVersion "1"]
[SourceVersionDate "2008.11.26"]
[SourceQuality "1"]

1. e4 e5 2. Nf3 Nc6 3. Bb5 a6 4. Ba4 Nf6 5. 0-0 Be7 6. Re1 b5 7. Bb3 d6 8. c3 0-0 9. h3 Na5 10. Bc2 c5 11. d4 Qc7 12. Nbd2 Nc6 13. d5 Nd8 14. Nf1 Ne8 15. N3h2 f6 16. g4 Nf7 17. Ng3 g6 18. Be3 Ng7 19. Kh1 Kh8 20. Rg1 Bd7 21. Qd2 Rg8 22. f4 exf4 23. Bxf4 Ne5 24. Rg2 Rgf8 25. Rag1 Rg8 26. Bh6 Nf7 27. Nf3 Rae8 28. Nh4 Qd8 29. Nf3 Qc8 30. Be3 Ne5 31. Qf2 Ref8 32. Ne2 Qc7 33. Nf4 Ne8 34. Qg3 Qc8 35. Rf2 f5 36. Rh2 g5 37. exf5 gxf4 38. Qxf4 Nxf3 39. Qxf3 Bg5 40. Bf2 Bf6 41. Rhg2 Be5 42. Bh4 Rf7 43. Rf1 Rgf8 44. Bg5 Nf6 45. Bh6 Re8 46. g5 Ng8 47. g6 hxg6 48. fxg6 Rg7 49. Bxg7+ Bxg7 50. Rg5 Rf8 51. Rh5+ Nh6 52. Qe2 Rxf1+ 53. Qxf1 Qf8 54. Qe2 Qf4 55. Bf5 Qxf5 56. Rxf5 Nxf5 1/2-1/2

[Event "Maastricht Limburg op"]
[Site "Maastricht"]
[Date "2007.05.28"]
[Round "7"]
[White "Roggeveen, Pieter"]
[Black "Hamblok, Roel"]
[Result "0-1"]
[WhiteElo "2073"]
[BlackElo "1943"]
[PlyCount "96"]
[EventDate "2007.05.25"]
[EventType "swiss"]
[EventRounds "7"]
[EventCountry "NED"]
[SourceTitle "CBM 118 Extra"]
[Source "ChessBase"]
[SourceDate "2007.07.04"]
[SourceVersion "1"]
[SourceVersionDate "2007.07.04"]
[SourceQuality "1"]

1. c4 Nc6 2. Nc3 e5 3. Nf3 f5 4. d4 e4 5. d5 exf3 6. dxc6 fxe2 7. cxd7+ Bxd7 8. Bxe2 Bc6 9. 0-0 Nf6 10. Bf3 Ne4 11. Qc2 Qd4 12. Nxe4 fxe4 13. Be3 Qe5 14. Rfe1 Bd6 15. g3 0-0 16. Bg2 b6 17. c5 bxc5 18. Rac1 Rab8 19. b3 Rf5 20. Bh3 Rf7 21. Qc3 Qe7 22. Bxc5 Ba8 23. Re2 Rbf8 24. Be3 Kh8 25. Qc4 Qe5 26. Bg2 h5 27. h4 Rf3 28. Bxf3 exf3 29. Rd2 Qf5 30. Kh2 Re8 31. Bf4 Re4 32. Qf1 Bxf4 33. Rd8+ Kh7 34. Rxa8 Bxg3+ 35. fxg3 Re2+ 36. Qxe2 fxe2 37. Re8 Qf2+ 38. Kh3 Qf1+ 39. Kh2 Qxc1 40. Rxe2 Qf1 41. Rg2 Kg6 42. Rc2 c5 43. Rd2 Kf6 44. Rc2 Ke6 45. Rd2 Ke5 46. Rc2 Kd4 47. Rd2+ Kc3 48. Rg2 Qxg2+ 0-1

[Event "Maastricht Limburg op"]
[Site "Maastricht"]
[Date "2007.05.26"]
[Round "2"]
[White "Roggeveen, Pieter"]
[Black "Swinkels, Robin"]
[Result "0-1"]
[WhiteElo "2073"]
[BlackElo "2422"]
[PlyCount "66"]
[EventDate "2007.05.25"]
[EventType "swiss"]
[EventRounds "7"]
[EventCountry "NED"]
[SourceTitle "CBM 118 Extra"]
[Source "ChessBase"]
[SourceDate "2007.07.04"]
[SourceVersion "1"]
[SourceVersionDate "2007.07.04"]
[SourceQuality "1"]

1. c4 Nf6 2. Nc3 d5 3. cxd5 Nxd5 4. Nf3 Nxc3 5. bxc3 c5 6. d4 g6 7. Bg5 Bg7 8. Qd2 cxd4 9. cxd4 Bg4 10. Ne5 Bxe5 11. dxe5 Nc6 12. f3 Be6 13. Qb2 0-0 14. Kf2 Qa5 15. h4 Rac8 16. a3 Rfd8 17. Rc1 Rd7 18. Bf4 Rcd8 19. Kg3 Rd1 20. Rxd1 Rxd1 21. Kh2 Qa6 22. h5 gxh5 23. g4 Qc4 24. Bh6 Qc5 25. Kg3 h4+ 26. Kg2 Qxe5 27. Qxe5 Nxe5 28. Rxh4 Ra1 29. Rh5 f6 30. Bf4 Ng6 31. Bb8 Rxa3 32. Rb5 b6 33. e4 Nh4+ 0-1